[Event "HUN-chT2 Erkel 2223"]
[Site "Hungary"]
[Date "2022.12.04"]
[Round "2.10"]
[White "Russa, Roberto"]
[Black "Bubenko, Jozsef"]
[Result "0-1"]
[WhiteElo "1801"]
[BlackElo "1949"]
[PlyCount "132"]
[EventDate "2022.11.20"]
[EventType "team-tourn"]
[EventRounds "9"]
[EventCountry "HUN"]
[SourceTitle "EXT 2025"]
[Source "ChessBase"]
[SourceDate "2024.10.14"]
[SourceVersion "1"]
[SourceVersionDate "2024.10.14"]
[SourceQuality "1"]
[WhiteTeam "Vizugy"]
[BlackTeam "Kekes II"]
[WhiteTeamCountry "HUN"]
[BlackTeamCountry "HUN"]

1. d4 Nf6 2. Bg5 e6 3. g3 c5 4. Nc3 cxd4 5. Qxd4 Nc6 6. Bxf6 gxf6 7. Qd2 Bb4 8. e3 Qa5 9. Nge2 Ne5 10. Bg2 h5 11. 0-0-0 h4 12. h3 d5 13. e4 Bxc3 14. Nxc3 Nc4 15. Qd4 Qb4 16. Ne2 e5 17. Qc3 Qxc3 18. Nxc3 d4 19. Nd5 Rb8 20. Nxf6+ Kf8 21. g4 Be6 22. b3 Ke7 23. Nh5 Nd6 24. f4 f6 25. Rhf1 Rbc8 26. Ng7 Rc3 27. fxe5 fxe5 28. Nf5+ Bxf5 29. exf5 Rhc8 30. Kb1 Rxc2 31. Bd5 Rh2 32. Rh1 Rxh1 33. Rxh1 Kf6 34. Rc1 Rxc1+ 35. Kxc1 e4 36. Kd1 Ke5 37. Bc4 b5 38. Bf1 Kf4 39. a4 bxa4 40. bxa4 d3 41. Kd2 Nf7 42. a5 Ne5 43. Kc3 Ke3 44. g5 Kf4 45. g6 Nd7 46. Bg2 Ke3 47. Bf1 Nf6 48. g7 d2 49. Kc2 Kf2 50. Kxd2 Kxf1 51. Ke3 Kg2 52. Kf4 Nh5+ 53. Kxe4 Nxg7 54. a6 Nxf5 55. Kxf5 Kxh3 56. Ke6 Kg4 57. Kd7 h3 58. Kc8 h2 59. Kb7 h1Q+ 60. Kxa7 Qh7+ 61. Kb8 Qg8+ 62. Kb7 Qf7+ 63. Kb8 Qe8+ 64. Kb7 Qd7+ 65. Kb8 Qb5+ 66. Ka7 Kf5 0-1

[Event "HUN-chT2 Erkel 1718"]
[Site "Hungary"]
[Date "2017.10.29"]
[Round "3.10"]
[White "Bubenko, Jozsef"]
[Black "Vamosi, Laszlo"]
[Result "1/2-1/2"]
[WhiteElo "1969"]
[BlackElo "1729"]
[PlyCount "21"]
[EventDate "2017.09.24"]
[EventType "team-tourn"]
[EventRounds "11"]
[EventCountry "HUN"]
[SourceTitle "EXT 2021"]
[Source "ChessBase"]
[SourceDate "2020.10.23"]
[SourceVersion "1"]
[SourceVersionDate "2020.10.23"]
[SourceQuality "1"]
[WhiteTeam "Gyongyos Energia"]
[BlackTeam "Andornaktalya"]
[WhiteTeamCountry "HUN"]
[BlackTeamCountry "HUN"]

1. d4 d5 2. c4 c6 3. Nf3 Nf6 4. e3 g6 5. Nc3 Bg7 6. Bd3 Nbd7 7. cxd5 cxd5 8. 0-0 0-0 9. Qb3 Nb6 10. Bd2 Bd7 11. Rfc1 1/2-1/2

[Event "HUN-chT2 Erkel 1718"]
[Site "Hungary"]
[Date "2017.10.08"]
[Round "2.10"]
[White "Vass, Lajos"]
[Black "Bubenko, Jozsef"]
[Result "1-0"]
[WhiteElo "2040"]
[BlackElo "1969"]
[PlyCount "21"]
[EventDate "2017.09.24"]
[EventType "team-tourn"]
[EventRounds "11"]
[EventCountry "HUN"]
[SourceTitle "EXT 2021"]
[Source "ChessBase"]
[SourceDate "2020.10.23"]
[SourceVersion "1"]
[SourceVersionDate "2020.10.23"]
[SourceQuality "1"]
[WhiteTeam "Budapest EAC"]
[BlackTeam "Gyongyos Energia"]
[WhiteTeamCountry "HUN"]
[BlackTeamCountry "HUN"]

1. e4 c5 2. c3 e6 3. d4 d5 4. Nd2 cxd4 5. cxd4 dxe4 6. Nxe4 Bb4+ 7. Nc3 Nc6 8. Nf3 Nf6 9. Bd3 h6 10. 0-0 Nxd4 11. Nxd4 1-0

[Event "HUN-chT2 Erkel 1516"]
[Site "Hungary"]
[Date "2016.02.14"]
[Round "7.8"]
[White "Bubenko, Jozsef"]
[Black "Hidvegi, Attila"]
[Result "1/2-1/2"]
[WhiteElo "1970"]
[BlackElo "2057"]
[PlyCount "21"]
[EventDate "2015.09.13"]
[EventType "team-tourn"]
[EventRounds "11"]
[EventCountry "HUN"]
[SourceTitle "EXT 2017"]
[Source "ChessBase"]
[SourceDate "2016.10.25"]
[SourceVersion "1"]
[SourceVersionDate "2016.10.25"]
[SourceQuality "1"]
[WhiteTeam "Matra"]
[BlackTeam "Pestszentlorinc"]
[WhiteTeamCountry "HUN"]
[BlackTeamCountry "HUN"]

1. d4 Nf6 2. f4 d5 3. Nf3 e6 4. e3 c5 5. c3 Nc6 6. Bd3 c4 7. Be2 b5 8. 0-0 Be7 9. Ne5 Nxe5 10. fxe5 Ne4 11. Nd2 1/2-1/2

[Event "HUN-chT 1516 BAZ II Gavel"]
[Site "Hungary"]
[Date "2016.01.17"]
[Round "4"]
[White "Molnar, Milan"]
[Black "Bubenko, Jozsef"]
[Result "0-1"]
[WhiteElo "1864"]
[BlackElo "1970"]
[PlyCount "78"]
[EventDate "2015.09.27"]
[EventType "team-tourn"]
[EventRounds "7"]
[EventCountry "HUN"]
[SourceTitle "EXT 2025"]
[Source "ChessBase"]
[SourceDate "2024.10.14"]
[SourceVersion "1"]
[SourceVersionDate "2024.10.14"]
[SourceQuality "1"]
[WhiteTeam "Ozdi Sakk SE"]
[BlackTeam "Szendro Varosi"]
[WhiteTeamCountry "HUN"]
[BlackTeamCountry "HUN"]

1. e4 e6 2. b3 d5 3. exd5 exd5 4. Bb2 Nd7 5. Nf3 Ngf6 6. Nc3 c6 7. Bd3 Bd6 8. Qe2+ Qe7 9. Qxe7+ Bxe7 10. 0-0-0 Nc5 11. Be2 0-0 12. h3 Re8 13. Rde1 Bf5 14. Nd4 Bd7 15. g4 Nfe4 16. Rh2 Nxc3 17. Bxc3 Ne4 18. Bd3 Nxc3 19. dxc3 Bg5+ 20. Kd1 Rxe1+ 21. Kxe1 Re8+ 22. Kd1 Bf4 23. Rh1 c5 24. Ne2 Bd6 25. c4 dxc4 26. Bxc4 Bc6 27. Re1 Bf3 28. c3 Bf4 29. Kc2 Bg5 30. Ng1 Rxe1 31. Nxf3 Rc1+ 32. Kb2 Bf4 33. Ne5 Rd1 34. Nxf7 Kf8 35. a4 Rd7 36. Nh8 Rd2+ 37. Ka3 Rxf2 38. a5 a6 39. h4 Bc1+ 0-1

[Event "HUN-chT2 Erkel 1516"]
[Site "Hungary"]
[Date "2015.09.13"]
[Round "1.5"]
[White "Berta, Sandor Martin"]
[Black "Bubenko, Jozsef"]
[Result "1-0"]
[WhiteElo "2062"]
[BlackElo "1983"]
[PlyCount "63"]
[EventDate "2015.09.13"]
[EventType "team-tourn"]
[EventRounds "11"]
[EventCountry "HUN"]
[SourceTitle "CBM 170 Extra"]
[Source "ChessBase"]
[SourceDate "2016.02.25"]
[SourceVersion "1"]
[SourceVersionDate "2016.02.25"]
[SourceQuality "1"]
[WhiteTeam "Budapest MTK II"]
[BlackTeam "Matra"]
[WhiteTeamCountry "HUN"]
[BlackTeamCountry "HUN"]

1. g3 h5 2. Nf3 d5 3. d4 Nf6 4. Bg2 Nc6 5. 0-0 Bg4 6. Bf4 e6 7. c3 Bd6 8. Ne5 Nd7 9. Nxc6 bxc6 10. f3 Bxf4 11. gxf4 Bf5 12. e4 Bg6 13. Qa4 0-0 14. Qxc6 Rb8 15. b4 Nf6 16. Nd2 h4 17. f5 Rb6 18. Qc5 exf5 19. e5 Nh5 20. f4 Nxf4 21. Rxf4 Qg5 22. Rf2 h3 23. Qxd5 hxg2 24. Qxg2 Qd8 25. Kh1 Bh5 26. Rxf5 Rh6 27. Rg5 Bg6 28. Re1 Rh5 29. Rxh5 Bxh5 30. Rg1 Bg6 31. Nb3 Qh4 32. Nc5 1-0

[Event "HUN-chT2 Erkel 1415"]
[Site "Hungary"]
[Date "2014.12.14"]
[Round "6.8"]
[White "Paal, Andras"]
[Black "Bubenko, Jozsef"]
[Result "1-0"]
[WhiteElo "1973"]
[BlackElo "1995"]
[PlyCount "65"]
[EventDate "2014.09.28"]
[EventType "team-tourn"]
[EventRounds "9"]
[EventCountry "HUN"]
[SourceTitle "EXT 2016"]
[Source "ChessBase"]
[SourceDate "2015.10.08"]
[SourceVersion "1"]
[SourceVersionDate "2015.10.08"]
[SourceQuality "1"]
[WhiteTeam "Andornaktalya"]
[BlackTeam "Matra"]
[WhiteTeamCountry "HUN"]
[BlackTeamCountry "HUN"]

1. Nc3 d5 2. e4 d4 3. Nce2 c5 4. Nf3 Nc6 5. Ng3 a6 6. a4 e5 7. Bc4 Be7 8. d3 Nf6 9. 0-0 0-0 10. Bg5 h6 11. Bd2 b6 12. h3 Rb8 13. Nh2 b5 14. axb5 axb5 15. Bb3 Be6 16. Bxe6 fxe6 17. Nh5 c4 18. f4 Qe8 19. Nxf6+ Bxf6 20. Ng4 exf4 21. Bxf4 e5 22. Bxh6 Qe6 23. Bd2 Be7 24. Qe1 b4 25. Qg3 c3 26. bxc3 dxc3 27. Nh6+ Kh7 28. Nf5 Bf6 29. Be3 Nd4 30. Bxd4 exd4 31. Ra7 Qe5 32. Rf4 b3 33. Rh4+ 1-0

[Event "HUN-chT2 Erkel 1415"]
[Site "Hungary"]
[Date "2014.11.30"]
[Round "3.6"]
[White "Honsch, Pal"]
[Black "Bubenko, Jozsef"]
[Result "1/2-1/2"]
[WhiteElo "2033"]
[BlackElo "1995"]
[PlyCount "38"]
[EventDate "2014.09.28"]
[EventType "team-tourn"]
[EventRounds "9"]
[EventCountry "HUN"]
[SourceTitle "EXT 2016"]
[Source "ChessBase"]
[SourceDate "2015.10.08"]
[SourceVersion "1"]
[SourceVersionDate "2015.10.08"]
[SourceQuality "1"]
[WhiteTeam "GBSE"]
[BlackTeam "Matra"]
[WhiteTeamCountry "HUN"]
[BlackTeamCountry "HUN"]

1. d4 Nf6 2. c4 c5 3. Nf3 cxd4 4. Nxd4 g6 5. Nc3 Bg7 6. g3 Nc6 7. Bg2 Nxd4 8. Qxd4 0-0 9. 0-0 d6 10. Qd2 Qb6 11. b3 Bd7 12. Bb2 a5 13. Rab1 Bc6 14. Nd5 Bxd5 15. cxd5 Rfc8 16. Bd4 Ne4 17. Bxe4 Qxd4 18. Qxd4 Bxd4 19. Rfc1 Bc5 1/2-1/2

[Event "HUN-chT2 Erkel 1314"]
[Site "Hungary"]
[Date "2014.02.02"]
[Round "6.10"]
[White "Hajnal, Gyula"]
[Black "Bubenko, Jozsef"]
[Result "1/2-1/2"]
[WhiteElo "1951"]
[BlackElo "1988"]
[PlyCount "24"]
[EventDate "2013.09.08"]
[EventType "team-tourn"]
[EventRounds "11"]
[EventCountry "HUN"]
[SourceTitle "EXT 2016"]
[Source "ChessBase"]
[SourceDate "2015.10.08"]
[SourceVersion "1"]
[SourceVersionDate "2015.10.08"]
[SourceQuality "1"]
[WhiteTeam "Mezokovesd"]
[BlackTeam "Gyongyos Matra"]
[WhiteTeamCountry "HUN"]
[BlackTeamCountry "HUN"]

1. c4 e6 2. Nc3 d5 3. cxd5 exd5 4. d4 Nf6 5. Nf3 Be7 6. e3 0-0 7. Be2 Re8 8. 0-0 Nbd7 9. h3 c6 10. Bd3 Bd6 11. Qc2 h6 12. a3 a5 1/2-1/2

[Event "Rychnov op"]
[Site "Rychnov nad Kneznou"]
[Date "2010.08.26"]
[Round "4"]
[White "Bubenko, Jozsef"]
[Black "Tejkal, Jiri"]
[Result "1/2-1/2"]
[WhiteElo "2070"]
[BlackElo "1961"]
[PlyCount "36"]
[EventDate "2010.08.23"]
[EventType "swiss"]
[EventRounds "7"]
[EventCountry "CZE"]
[SourceTitle "CBM 138 Extra"]
[Source "ChessBase"]
[SourceDate "2010.10.29"]
[SourceVersion "1"]
[SourceVersionDate "2010.10.29"]
[SourceQuality "1"]

1. d4 d5 2. c4 c6 3. Nf3 Nf6 4. e3 e6 5. Nc3 Nbd7 6. Bd3 Be7 7. 0-0 0-0 8. Qc2 c5 9. Rd1 cxd4 10. Nxd4 dxc4 11. Bxc4 a6 12. Be2 Qc7 13. Bd2 Bd6 14. h3 b5 15. Rac1 Bb7 16. Bf3 Bxf3 17. Nxf3 Rac8 18. Qd3 Qb8 1/2-1/2

[Event "Budapest Sinus-B 1st"]
[Site "Budapest"]
[Date "2010.08.19"]
[Round "6"]
[White "Bubenko, Jozsef"]
[Black "Vargyas, Zoltan"]
[Result "0-1"]
[WhiteElo "2070"]
[BlackElo "2174"]
[PlyCount "51"]
[EventDate "2010.08.14"]
[EventType "tourn"]
[EventRounds "9"]
[EventCountry "HUN"]
[SourceTitle "CBM 138 Extra"]
[Source "ChessBase"]
[SourceDate "2010.10.29"]
[SourceVersion "1"]
[SourceVersionDate "2010.10.29"]
[SourceQuality "1"]

1. d4 g6 2. c4 Nf6 3. Nf3 Bg7 4. g3 0-0 5. Bg2 d6 6. 0-0 Nc6 7. Nc3 a6 8. Bg5 h6 9. Bf4 Rb8 10. d5 Na5 11. Qa4 c5 12. b4 Nh5 13. Rac1 Nxf4 14. gxf4 cxb4 15. Qxb4 Bg4 16. Rfe1 Qc7 17. Na4 b6 18. e3 Rfc8 19. Nd2 b5 20. cxb5 Qxc1 21. Rxc1 Rxc1+ 22. Nf1 Rxb5 23. Qd2 Rc4 24. Nb6 Bc3 25. Nxc4 Bxd2 26. Ncxd2 0-1

[Event "Budapest Sinus-B 1st"]
[Site "Budapest"]
[Date "2010.08.15"]
[Round "2"]
[White "Bubenko, Jozsef"]
[Black "Kormos, Adam"]
[Result "0-1"]
[WhiteElo "2070"]
[BlackElo "2219"]
[PlyCount "80"]
[EventDate "2010.08.14"]
[EventType "tourn"]
[EventRounds "9"]
[EventCountry "HUN"]
[SourceTitle "CBM 138 Extra"]
[Source "ChessBase"]
[SourceDate "2010.10.29"]
[SourceVersion "1"]
[SourceVersionDate "2010.10.29"]
[SourceQuality "1"]

1. d4 Nf6 2. Bf4 d5 3. e3 c5 4. Nf3 e6 5. c3 Nc6 6. Nbd2 Be7 7. h3 0-0 8. Bd3 c4 9. Bc2 b5 10. e4 b4 11. e5 Nd7 12. 0-0 bxc3 13. bxc3 Qa5 14. Nb1 Qb6 15. Bc1 Rb8 16. Re1 f6 17. Ng5 fxg5 18. Qh5 Rf5 19. Re3 g6 20. Qg4 Rf7 21. Nd2 h5 22. Qg3 h4 23. Qg4 Ndxe5 24. dxe5 Rf4 25. Qe2 Kg7 26. Rb1 Qc7 27. g3 hxg3 28. fxg3 Bc5 29. Kh2 Bxe3 30. Qxe3 Rxb1 31. Bxb1 Rf8 32. Qxg5 Nxe5 33. Kg2 Nd3 34. Bxd3 cxd3 35. Nf3 Qf7 36. Bf4 d2 37. Nxd2 Qf5 38. Qh6+ Kg8 39. Nf3 Qh5 40. Qxh5 gxh5 0-1

[Event "Eger Agria op"]
[Site "Eger"]
[Date "2009.07.23"]
[Round "2"]
[White "Bubenko, Jozsef"]
[Black "Dostan, Janos"]
[Result "1/2-1/2"]
[WhiteElo "2067"]
[BlackElo "2220"]
[PlyCount "49"]
[EventDate "2009.07.22"]
[EventType "swiss"]
[EventRounds "7"]
[EventCountry "HUN"]
[SourceTitle "EXT 2011"]
[Source "ChessBase"]
[SourceDate "2010.11.26"]
[SourceVersion "1"]
[SourceVersionDate "2010.11.26"]
[SourceQuality "1"]

1. d4 Nf6 2. c4 g6 3. Nc3 Bg7 4. e4 d6 5. f4 0-0 6. Nf3 c5 7. d5 b5 8. cxb5 a6 9. Bd2 e6 10. dxe6 fxe6 11. Qc2 Bb7 12. e5 Nd5 13. Nxd5 Bxd5 14. Be2 axb5 15. 0-0 Nc6 16. Bxb5 Bxf3 17. gxf3 Nd4 18. Qd3 dxe5 19. Bc4 Qh4 20. Rae1 Rad8 21. Bc3 exf4 22. Re4 Nf5 23. Bxe6+ Kh8 24. Bxg7+ Kxg7 25. Qc3+ 1/2-1/2

[Event "HUN-ch Seniors"]
[Site "Ajka"]
[Date "2009.06.27"]
[Round "8"]
[White "Vargyas, Zoltan"]
[Black "Bubenko, Jozsef"]
[Result "1/2-1/2"]
[WhiteElo "2146"]
[BlackElo "2098"]
[PlyCount "93"]
[EventDate "2009.06.22"]
[EventType "swiss"]
[EventRounds "9"]
[EventCountry "HUN"]
[SourceTitle "EXT 2011"]
[Source "ChessBase"]
[SourceDate "2010.11.26"]
[SourceVersion "1"]
[SourceVersionDate "2010.11.26"]
[SourceQuality "1"]

1. d4 Nf6 2. c4 e6 3. Nc3 d5 4. Nf3 c6 5. Bg5 Nbd7 6. e3 Qa5 7. Nd2 Bb4 8. Qc2 0-0 9. Bh4 Re8 10. Bd3 h6 11. 0-0 Bxc3 12. Qxc3 Qxc3 13. bxc3 e5 14. Rab1 b6 15. cxd5 Nxd5 16. Ne4 N5f6 17. Nd6 Re7 18. f3 Nf8 19. Be4 Bd7 20. Rfd1 g5 21. Bg3 exd4 22. cxd4 Nxe4 23. Nxe4 Bf5 24. Rbc1 Bxe4 25. fxe4 Rxe4 26. Rxc6 Rxe3 27. d5 Re2 28. Rc7 Ree8 29. Rf1 Red8 30. Rfxf7 Rxd5 31. Rfe7 Rad8 32. Rxa7 Rd1+ 33. Kf2 R8d7 34. Be5 Rxe7 35. Rxe7 Rd7 36. Re8 Kf7 37. Rb8 Ng6 38. Bc3 Rc7 39. Bd4 Rc2+ 40. Kg3 Nf4 41. Kg4 Rxg2+ 42. Kf5 Rxa2 43. h4 Ra5+ 44. Kg4 Ne6 45. Rb7+ Ke8 46. Rxb6 h5+ 47. Kxh5 1/2-1/2

[Event "HUN-ch Seniors"]
[Site "Ajka"]
[Date "2009.06.22"]
[Round "1"]
[White "Szabo, Vilmos"]
[Black "Bubenko, Jozsef"]
[Result "1/2-1/2"]
[WhiteElo "1795"]
[BlackElo "2098"]
[PlyCount "35"]
[EventDate "2009.06.22"]
[EventType "swiss"]
[EventRounds "9"]
[EventCountry "HUN"]
[SourceTitle "EXT 2011"]
[Source "ChessBase"]
[SourceDate "2010.11.26"]
[SourceVersion "1"]
[SourceVersionDate "2010.11.26"]
[SourceQuality "1"]

1. d4 d5 2. c4 c6 3. Nc3 Nf6 4. Nf3 dxc4 5. a4 Bg4 6. e3 e6 7. Bxc4 Nbd7 8. 0-0 Be7 9. Re1 0-0 10. h3 Bh5 11. e4 Nb6 12. Bd3 Bg6 13. Ne5 Qxd4 14. Nxg6 hxg6 15. a5 Nc8 16. e5 Nd5 17. Na4 Nb4 18. Bb1 1/2-1/2

[Event "HUN-chT2 Maroczy 0405"]
[Site "Hungary"]
[Date "2005.02.20"]
[Round "8"]
[White "Blazsik, Zoltan"]
[Black "Bubenko, Jozsef"]
[Result "1/2-1/2"]
[WhiteElo "2094"]
[BlackElo "2050"]
[PlyCount "100"]
[EventDate "2004.09.26"]
[EventType "team-tourn"]
[EventRounds "11"]
[EventCountry "HUN"]
[SourceTitle "EXT 2008"]
[Source "ChessBase"]
[SourceDate "2007.11.25"]
[SourceVersion "1"]
[SourceVersionDate "2007.11.25"]
[SourceQuality "1"]
[WhiteTeam "Hodmezovasarhely"]
[BlackTeam "Matra"]
[WhiteTeamCountry "HUN"]
[BlackTeamCountry "HUN"]

1. d4 Nf6 2. c4 c5 3. d5 b5 4. cxb5 a6 5. bxa6 Bxa6 6. Nc3 g6 7. e4 Bxf1 8. Kxf1 d6 9. f4 Bg7 10. Nf3 0-0 11. h3 Na6 12. Qe2 e6 13. dxe6 fxe6 14. g3 d5 15. e5 Nh5 16. Kg2 Nb4 17. b3 d4 18. Rd1 Qe7 19. Na4 Nd5 20. Qb5 Rfc8 21. Bd2 Rab8 22. Qa6 Bf8 23. Rac1 Ng7 24. Re1 Ra8 25. Qb5 Nf5 26. Kh2 Rab8 27. Qa6 Ra8 28. Qd3 Qb7 29. Qe4 Qa6 30. g4 Nfe3 31. f5 gxf5 32. gxf5 exf5 33. Qh4 Qh6 34. Rg1+ Kh8 35. Ng5 Ra7 36. Qg3 Bg7 37. e6 f4 38. Qf3 Kg8 39. Bxe3 Nxe3 40. Qxf4 Rf8 41. Qg3 Nf5 42. Qe1 Qh4 43. Qxh4 Nxh4 44. Rcf1 Rxf1 45. Rxf1 Be5+ 46. Kh1 d3 47. Nxc5 Rxa2 48. e7 Rh2+ 49. Kg1 Rg2+ 50. Kh1 Rh2+ 1/2-1/2

[Event "Eger Agria op"]
[Site "Eger"]
[Date "2004.07.24"]
[Round "8"]
[White "Kis, Jozsef"]
[Black "Bubenko, Jozsef"]
[Result "1/2-1/2"]
[WhiteElo "2122"]
[BlackElo "2052"]
[PlyCount "20"]
[EventDate "2004.07.17"]
[EventType "swiss"]
[EventRounds "9"]
[EventCountry "HUN"]
[SourceTitle "EXT 2008"]
[Source "ChessBase"]
[SourceDate "2007.11.25"]
[SourceVersion "1"]
[SourceVersionDate "2007.11.25"]
[SourceQuality "1"]

1. e4 e6 2. d4 d5 3. Nc3 Nf6 4. e5 Nfd7 5. f4 c5 6. Nf3 Nc6 7. Be3 a6 8. Qd2 cxd4 9. Nxd4 Nxd4 10. Bxd4 Bc5 1/2-1/2

[Event "Eger Agria op"]
[Site "Eger"]
[Date "2004.07.22"]
[Round "6"]
[White "Kaposztas, Miklos"]
[Black "Bubenko, Jozsef"]
[Result "1-0"]
[WhiteElo "2217"]
[BlackElo "2050"]
[PlyCount "37"]
[EventDate "2004.07.17"]
[EventType "swiss"]
[EventRounds "9"]
[EventCountry "HUN"]
[SourceTitle "EXT 2008"]
[Source "ChessBase"]
[SourceDate "2007.11.25"]
[SourceVersion "1"]
[SourceVersionDate "2007.11.25"]
[SourceQuality "1"]

1. c4 Nf6 2. d4 c5 3. d5 b5 4. cxb5 a6 5. f3 g6 6. e4 d6 7. a4 Bg7 8. Na3 0-0 9. Ne2 e6 10. Nc3 exd5 11. exd5 Nh5 12. g3 Re8+ 13. Kf2 Bd4+ 14. Kg2 Nd7 15. bxa6 Qf6 16. Nab5 Ne5 17. Nxd4 cxd4 18. Ne4 Qf5 19. Nxd6 1-0